Produkčné choroby prežúvavcov 4. Pôrodná paréza

Bibliographic Details
Main Authors: Kováč, Gabriel, 1947- (Author), Paulíková, I. (Author), Kováč, M. (Author)
Format: Article
Language:Slovak

MARC

LEADER 00000nab a2200000 a 4500
001 vtls010722507
003 SK-MaSNL
005 20260304192343.0
008 250709s1998 xo |||||||||||||||||slo|
035 |a (urnnbn)urn:nbn:sk:snk:ar-a04t16 
035 |a (uuid)c589d610-3e28-46af-8482-967a31dd941c 
035 |a urn:nbn:sk:snk-ab3n3r 
040 |a SNKBUCL  |b slo  |c SNKBUCL  |e AACR2 
041 0 |a slo 
044 |a xo  |c SK 
100 1 |a Kováč, Gabriel,  |d 1947-  |4 aut  |9 196200 
245 1 0 |a Produkčné choroby prežúvavcov  |b 4. Pôrodná paréza  |c G. Kováč, I. Paulíková, M. Kováč 
700 1 |a Paulíková, I.  |4 aut  |9 776533 
700 1 |a Kováč, M.  |4 aut  |9 423824 
773 0 |t Infovet : veterinársky odborno-informačný časopis  |g Roč. 5, č. 5 (1998), s. 7-9 
850 |a Slovenská národná knižnica 
852 |a Slovenská národná knižnica 
954 |a odborná, vedecká literatúra pôvodná (slovenská)  |2 lita 
958 |a article1 
958 |a OND 
958 |a EUIPO 
999 |c 3061091  |d 3063021